[Event "Vienna State-chC"]
[Site "Vienna"]
[Date "2011.09.14"]
[Round "5"]
[White "Rusek, Walter"]
[Black "Hofmann, Herbert"]
[Result "1/2-1/2"]
[WhiteElo "1810"]
[BlackElo "1496"]
[PlyCount "118"]
[EventDate "2011.09.10"]
[EventType "swiss"]
[EventRounds "9"]
[EventCountry "AUT"]
[SourceTitle "EXT 2013"]
[Source "ChessBase"]
[SourceDate "2012.11.22"]
[SourceVersion "1"]
[SourceVersionDate "2012.11.22"]
[SourceQuality "1"]

1. d4 f5 2. c4 Nf6 3. g3 g6 4. Bg2 Bg7 5. b3 d6 6. Bb2 Nc6 7. Nf3 e6 8. 0-0 0-0 9. e3 Qe8 10. Nc3 a6 11. Re1 e5 12. dxe5 dxe5 13. Nd5 Nxd5 14. cxd5 Nd8 15. Rc1 Rf7 16. Nd2 e4 17. Bxg7 Kxg7 18. Nc4 Rd7 19. Qd4+ Kh6 20. h4 Nc6 21. Qd2 b5 22. Nb6 cxb6 23. Rxc6 Bb7 24. Rxb6 Qd8 25. Qd4 Rxd5 26. Qf6 Qxf6 27. Rxf6 Rad8 28. Rf7 Rd1 29. Kf1 Bc8 30. Rc7 R1d2 31. Rec1 Be6 32. R7c6 R8d6 33. Rxd6 Rxd6 34. Ke1 Kg7 35. Rc7+ Kh6 36. Bf1 Bd7 37. b4 Kg7 38. Rc2 Kf6 39. Rd2 Ke6 40. Rxd6+ Kxd6 41. Kd2 Be6 42. a3 Ke5 43. Be2 h5 44. Kc3 Bd7 45. f3 Bc6 46. fxe4 Bxe4 47. a4 Bc6 48. Bf1 Bd7 49. axb5 axb5 50. Bg2 Be8 51. Bb7 Bd7 52. Kd3 Be8 53. e4 Bd7 54. Bd5 Be8 55. Ke3 Bd7 56. Bf7 Kf6 57. Bg8 fxe4 58. Kxe4 Be6 59. Bxe6 Kxe6 1/2-1/2